[Event "GER-chT Federal Cup (Women)"]
[Site "Braunfels"]
[Date "2024.06.01"]
[Round "4.1"]
[White "Peschel, Julia"]
[Black "Vogel, Heike"]
[Result "0-1"]
[WhiteElo "1738"]
[BlackElo "2095"]
[PlyCount "54"]
[EventDate "2024.05.30"]
[EventType "team-swiss"]
[EventRounds "5"]
[EventCountry "GER"]
[SourceTitle "CB24_2024"]
[SourceDate "2024.06.12"]
[SourceVersion "1"]
[SourceVersionDate "2024.06.12"]
[SourceQuality "1"]
[WhiteTeam "Hessen (W) II"]
[BlackTeam "Saarland (W)"]
[WhiteTeamCountry "GER"]
[BlackTeamCountry "GER"]

1. e4 d5 2. exd5 c6 3. dxc6 Nxc6 4. Bc4 Nf6 5. Nf3 Bg4 6. h3 Bh5 7. c3 e5 8. d3 Qc7 9. 0-0 0-0-0 10. Qe2 e4 11. dxe4 Ne5 12. Nbd2 Bc5 13. Kh1 Rhe8 14. Bb5 Re6 15. b4 Bb6 16. c4 Nxf3 17. Nxf3 Bd4 18. Rb1 Nxe4 19. Be3 Bxe3 20. Qc2 Bxf3 21. gxf3 Rd2 22. Qb3 Qg3 23. Bd7+ Kd8 24. Bxe6 Qxf3+ 25. Kh2 Rxf2+ 26. Rxf2 Qg3+ 27. Kh1 Nxf2# 0-1

[Event "Heusenstamm Schloss op"]
[Site "Heusenstamm"]
[Date "2023.11.26"]
[Round "7"]
[White "Neininger, Sarah"]
[Black "Peschel, Julia"]
[Result "1/2-1/2"]
[WhiteElo "1604"]
[BlackElo "1591"]
[PlyCount "37"]
[EventDate "2023.11.23"]
[EventType "swiss"]
[EventRounds "7"]
[EventCountry "GER"]
[SourceTitle "CB50_2023"]
[SourceDate "2023.12.13"]
[SourceVersion "1"]
[SourceVersionDate "2023.12.13"]
[SourceQuality "1"]

1. e4 e5 2. Nc3 Nc6 3. g3 Nf6 4. Bg2 Bc5 5. Nge2 d6 6. Na4 Bb6 7. Nxb6 axb6 8. 0-0 0-0 9. d4 exd4 10. Nxd4 Re8 11. Re1 Bd7 12. h3 d5 13. Nxc6 Bxc6 14. e5 Ne4 15. Bf4 Qe7 16. c4 Qc5 17. Qe2 f5 18. cxd5 Qxd5 19. Bxe4 1/2-1/2

[Event "Heusenstamm Schloss op"]
[Site "Heusenstamm"]
[Date "2023.11.26"]
[Round "6"]
[White "Richter, Johanna"]
[Black "Peschel, Julia"]
[Result "1-0"]
[WhiteElo "1529"]
[BlackElo "1591"]
[PlyCount "115"]
[EventDate "2023.11.23"]
[EventType "swiss"]
[EventRounds "7"]
[EventCountry "GER"]
[SourceTitle "CB50_2023"]
[SourceDate "2023.12.13"]
[SourceVersion "1"]
[SourceVersionDate "2023.12.13"]
[SourceQuality "1"]

1. d4 d5 2. c4 e6 3. Nc3 Nf6 4. cxd5 exd5 5. Bg5 Be7 6. e3 0-0 7. Bd3 c6 8. Qc2 h6 9. Bh4 Re8 10. Nge2 Ne4 11. Bxe7 Qxe7 12. Bxe4 dxe4 13. 0-0 Nd7 14. Rfd1 Nf6 15. d5 cxd5 16. Nxd5 Nxd5 17. Rxd5 Be6 18. Rd4 Bf5 19. Nc3 Rac8 20. Qd2 Qg5 21. Kh1 Rc6 22. Ne2 Rg6 23. Nf4 Rc6 24. Ne2 Rec8 25. Rc1 Rxc1+ 26. Nxc1 Be6 27. b3 f5 28. Ne2 Qe7 29. h3 Qc7 30. Kg1 Kh7 31. Rd6 Qc2 32. Kh2 Qxd2 33. Rxd2 Rc7 34. Kg1 Bd7 35. f3 exf3 36. gxf3 a5 37. Kf2 g6 38. Nf4 Bc6 39. Ne6 Re7 40. Nd4 Bd7 41. Ne2 Kg7 42. Rd6 g5 43. Rb6 Be8 44. Nd4 Rf7 45. Ne6+ Kh7 46. Nd8 Rd7 47. Rxb7 Rxb7 48. Nxb7 a4 49. Nd6 axb3 50. axb3 Bd7 51. b4 f4 52. b5 fxe3+ 53. Kxe3 h5 54. b6 Bc6 55. b7 Bxb7 56. Nxb7 Kg6 57. Nd6 Kf6 58. Ke4 1-0

[Event "Marburg op-A"]
[Site "Marburg"]
[Date "2023.10.29"]
[Round "6"]
[White "Peschel, Julia"]
[Black "Wiktorczyk, Michel"]
[Result "1/2-1/2"]
[WhiteElo "1561"]
[BlackElo "1837"]
[PlyCount "97"]
[EventDate "2023.10.26"]
[EventType "swiss"]
[EventRounds "7"]
[EventCountry "GER"]
[SourceTitle "CB49_2023"]
[SourceDate "2023.12.06"]
[SourceVersion "1"]
[SourceVersionDate "2023.12.06"]
[SourceQuality "1"]

1. e4 e5 2. Nf3 Nc6 3. Bc4 Nf6 4. d3 Be7 5. c3 d6 6. 0-0 0-0 7. h3 h6 8. Re1 Re8 9. d4 exd4 10. cxd4 d5 11. exd5 Nxd5 12. Nc3 Be6 13. Bb5 Nxc3 14. bxc3 Bf6 15. Bf4 Re7 16. Ne5 Nxe5 17. Bxe5 Bd5 18. f4 Bxe5 19. fxe5 Bxg2 20. Kxg2 Qd5+ 21. Qf3 Qxb5 22. Rab1 Qa4 23. Qxb7 Qc2+ 24. Kh1 Rae8 25. Qb2 Qf5 26. Qg2 Re6 27. Rf1 Qh5 28. Qg4 Qxg4 29. hxg4 c5 30. Rb7 R8e7 31. Rxe7 Rxe7 32. Kg2 cxd4 33. cxd4 Rd7 34. Rd1 Rd5 35. Kf3 Kf8 36. Ke4 Ra5 37. Rd2 Ke7 38. Rc2 Ra4 39. Kd5 Ra5+ 40. Rc5 Rxc5+ 41. Kxc5 g6 42. d5 h5 43. gxh5 gxh5 44. Kd4 f5 45. Ke3 h4 46. Kf4 Kd7 47. Kf3 a5 48. a4 Ke7 49. Kf4 1/2-1/2

[Event "Marburg op-A"]
[Site "Marburg"]
[Date "2023.10.29"]
[Round "7"]
[White "Trunz, Tamila"]
[Black "Peschel, Julia"]
[Result "1/2-1/2"]
[WhiteElo "1777"]
[BlackElo "1561"]
[PlyCount "125"]
[EventDate "2023.10.26"]
[EventType "swiss"]
[EventRounds "7"]
[EventCountry "GER"]
[SourceTitle "CB49_2023"]
[SourceDate "2023.12.06"]
[SourceVersion "1"]
[SourceVersionDate "2023.12.06"]
[SourceQuality "1"]

1. e4 e5 2. Nf3 Nc6 3. Bb5 Bc5 4. 0-0 Nd4 5. Nxd4 Bxd4 6. c3 Bb6 7. d4 c6 8. Bc4 d6 9. Qb3 Qe7 10. Be3 Bc7 11. Nd2 Nf6 12. Rae1 0-0 13. Bg5 h6 14. Be3 b5 15. Bd3 Bb6 16. f4 Ng4 17. fxe5 dxe5 18. Nf3 Nxe3 19. Rxe3 exd4 20. cxd4 Be6 21. Qc3 c5 22. Bxb5 Bg4 23. Qd3 Bxf3 24. Rexf3 f6 25. Qc4+ Kh8 26. dxc5 Qxc5+ 27. Qxc5 Bxc5+ 28. Kh1 Rab8 29. a4 Rfd8 30. Rf5 Bd4 31. b3 Be5 32. Bc4 Rd2 33. R5f2 Rbd8 34. Bd5 Rxf2 35. Rxf2 Rc8 36. g3 g5 37. Rd2 Rc7 38. Kg2 Kg7 39. Be6 Re7 40. Bf5 Rc7 41. Be6 Re7 42. Bc4 Bc3 43. Rd8 Ba5 44. Rg8+ Kh7 45. Kf3 Bb6 46. Rc8 Bd4 47. Bd5 Be5 48. Ke3 Rc7 49. Rxc7+ Bxc7 50. Kd4 Bb6+ 51. Kc4 Kg7 52. Kb5 Kf8 53. a5 Be3 54. b4 Bd2 55. Ka4 Ke7 56. b5 Be3 57. b6 axb6 58. a6 b5+ 59. Kxb5 Kd6 60. Bb7 Ba7 61. Bd5 Be3 62. Ba8 Ba7 63. Bb7 1/2-1/2

[Event "Marburg op-A"]
[Site "Marburg"]
[Date "2023.10.28"]
[Round "5"]
[White "Kowalski, Holger"]
[Black "Peschel, Julia"]
[Result "1/2-1/2"]
[WhiteElo "1784"]
[BlackElo "1561"]
[PlyCount "71"]
[EventDate "2023.10.26"]
[EventType "swiss"]
[EventRounds "7"]
[EventCountry "GER"]
[SourceTitle "CB49_2023"]
[SourceDate "2023.12.06"]
[SourceVersion "1"]
[SourceVersionDate "2023.12.06"]
[SourceQuality "1"]

1. d4 d5 2. c4 e6 3. Nc3 Nf6 4. cxd5 exd5 5. Bg5 c6 6. Qc2 Be7 7. e3 Ne4 8. Bxe7 Qxe7 9. Nxd5 cxd5 10. Qxc8+ Qd8 11. Qxd8+ Kxd8 12. Bd3 f5 13. Ne2 g6 14. Nf4 Nf6 15. Rc1 Kd7 16. 0-0 Nc6 17. a3 Ne7 18. Bb1 h5 19. Nd3 Nc6 20. Nc5+ Kc7 21. Rc3 Ne4 22. Nxe4 fxe4 23. Rc5 Kd6 24. Ba2 Ne7 25. Rfc1 Rhf8 26. Kf1 Rf5 27. Ke2 Raf8 28. Rf1 Rg5 29. g3 Rgf5 30. Rc2 g5 31. Ke1 Nc6 32. b4 Nd8 33. Bb3 Ne6 34. Rc3 g4 35. Bd1 Ng5 36. Rc2 1/2-1/2

[Event "Marburg op-A"]
[Site "Marburg"]
[Date "2023.10.27"]
[Round "2"]
[White "Spiekermann, Stefan"]
[Black "Peschel, Julia"]
[Result "1-0"]
[WhiteElo "1999"]
[BlackElo "1561"]
[PlyCount "57"]
[EventDate "2023.10.26"]
[EventType "swiss"]
[EventRounds "7"]
[EventCountry "GER"]
[SourceTitle "CB49_2023"]
[SourceDate "2023.12.06"]
[SourceVersion "1"]
[SourceVersionDate "2023.12.06"]
[SourceQuality "1"]

1. e4 e5 2. Nf3 Nc6 3. Bb5 Bc5 4. c3 a6 5. Bxc6 dxc6 6. 0-0 Bg4 7. h3 h5 8. d3 Qf6 9. Be3 Bb6 10. Bxb6 cxb6 11. Nbd2 0-0-0 12. Qe2 Bxf3 13. Nxf3 g5 14. Rad1 Nh6 15. d4 exd4 16. e5 Qg6 17. Rxd4 Rxd4 18. Nxd4 g4 19. h4 c5 20. Nc2 g3 21. f3 Nf5 22. Rd1 Re8 23. b4 Nxh4 24. Qd2 Qf5 25. Ne3 Qxe5 26. Nc4 Qe7 27. Nd6+ Kc7 28. Nxe8+ Qxe8 29. Qf4+ 1-0

[Event "GER-chT U20"]
[Site "Muenster"]
[Date "2022.12.29"]
[Round "5"]
[White "Peschel, Julia"]
[Black "Aumueller, Naum"]
[Result "1-0"]
[WhiteElo "1534"]
[BlackElo "1927"]
[PlyCount "55"]
[EventDate "2022.12.26"]
[EventType "team-swiss"]
[EventRounds "7"]
[EventCountry "GER"]
[SourceTitle "CBM 212 Extra"]
[Source "ChessBase"]
[SourceDate "2023.03.31"]
[SourceVersion "1"]
[SourceVersionDate "2023.03.31"]
[SourceQuality "1"]
[WhiteTeam "Biebertal"]
[BlackTeam "Regensburg Bavaria"]
[WhiteTeamCountry "GER"]
[BlackTeamCountry "GER"]

1. e4 e5 2. Nf3 Nc6 3. Bc4 Bc5 4. c3 Nf6 5. d3 a6 6. Bb3 d6 7. 0-0 h6 8. Be3 Bxe3 9. fxe3 0-0 10. Nbd2 d5 11. exd5 Nxd5 12. Qe1 Nf6 13. Bc2 Re8 14. Qg3 Bf5 15. Nh4 Bh7 16. Nf5 Bxf5 17. Rxf5 Kf8 18. Raf1 Ne7 19. Rxe5 Ned5 20. Rxe8+ Qxe8 21. e4 Ne7 22. Qxc7 Qb5 23. Nb3 Rc8 24. Qf4 Ng6 25. Qf5 Qb6+ 26. d4 Ne7 27. Qf2 Qe6 28. Nc5 1-0

[Event "GER-chT U20"]
[Site "Muenster"]
[Date "2022.12.28"]
[Round "4"]
[White "Peschel, Julia"]
[Black "Freiherr von Hauff, Christopher V"]
[Result "0-1"]
[WhiteElo "1534"]
[BlackElo "1852"]
[PlyCount "90"]
[EventDate "2022.12.26"]
[EventType "team-swiss"]
[EventRounds "7"]
[EventCountry "GER"]
[SourceTitle "CBM 212 Extra"]
[Source "ChessBase"]
[SourceDate "2023.03.31"]
[SourceVersion "1"]
[SourceVersionDate "2023.03.31"]
[SourceQuality "1"]
[WhiteTeam "Biebertal"]
[BlackTeam "Bebenhausen"]
[WhiteTeamCountry "GER"]
[BlackTeamCountry "GER"]

1. e4 e5 2. Nf3 Nc6 3. Bc4 Nf6 4. d3 Bc5 5. c3 a6 6. Bb3 d6 7. 0-0 Ba7 8. Nbd2 0-0 9. h3 h6 10. Re1 Nh5 11. d4 Nf4 12. Nf1 Qf6 13. Bxf4 Qxf4 14. Ng3 g6 15. Qd3 Kg7 16. Rad1 Bd7 17. Ne2 Qf6 18. a3 Rad8 19. Ba2 Rfe8 20. Qc4 Bxh3 21. Qxf7+ Qxf7 22. Bxf7 Kxf7 23. gxh3 Kg7 24. Rd3 Re7 25. Nh4 Kh7 26. Kh2 exd4 27. Nxd4 d5 28. Nxc6 bxc6 29. Re2 c5 30. Rg3 Re6 31. f4 Rf8 32. Ng2 dxe4 33. Rge3 Rfe8 34. c4 c6 35. Ne1 Bb8 36. Nd3 g5 37. Nxc5 gxf4 38. Rxe4 f3+ 39. Kg1 Rg6+ 40. Kf2 Rf8 41. Re7+ Kg8 42. R2e4 Rg2+ 43. Kf1 Bd6 44. Nd3 Bxe7 45. Rxe7 f2 0-1

[Event "GER-chT U20"]
[Site "Muenster"]
[Date "2022.12.28"]
[Round "3"]
[White "Peschel, Julia"]
[Black "Wang, Xinyuan1111"]
[Result "1-0"]
[WhiteElo "1534"]
[BlackElo "1835"]
[PlyCount "121"]
[EventDate "2022.12.26"]
[EventType "team-swiss"]
[EventRounds "7"]
[EventCountry "GER"]
[SourceTitle "CBM 212 Extra"]
[Source "ChessBase"]
[SourceDate "2023.03.31"]
[SourceVersion "1"]
[SourceVersionDate "2023.03.31"]
[SourceQuality "1"]
[WhiteTeam "Biebertal"]
[BlackTeam "Karlsruhe"]
[WhiteTeamCountry "GER"]
[BlackTeamCountry "GER"]

1. e4 c5 2. c3 d5 3. exd5 Qxd5 4. d4 Nc6 5. Nf3 Bg4 6. Be2 cxd4 7. cxd4 e6 8. Nc3 Bb4 9. 0-0 Bxc3 10. bxc3 Nge7 11. Ba3 Qa5 12. Qb3 0-0 13. Rac1 Rfe8 14. h3 Bh5 15. Rfd1 Nd5 16. c4 Nf4 17. Bf1 Qf5 18. g4 Bxg4 19. hxg4 Qxg4+ 20. Kh1 e5 21. d5 Na5 22. Qc3 Nh3 23. Bxh3 Qxh3+ 24. Nh2 Qxc3 25. Rxc3 Rac8 26. c5 b6 27. c6 f6 28. Bb4 Red8 29. Bxa5 bxa5 30. Ng4 Kf7 31. Ne3 g6 32. Kg2 Ke7 33. Kf3 f5 34. Nc2 a6 35. Rc5 a4 36. Nb4 Kd6 37. Rc3 a5 38. Na6 g5 39. Nc5 e4+ 40. Ke2 Ke5 41. Nb7 Rxd5 42. Rxd5+ Kxd5 43. Rc5+ Kd4 44. c7 f4 45. Rc1 Kd5 46. Nxa5 g4 47. Nb7 h5 48. Rc5+ Ke6 49. Rxh5 Rxc7 50. Nc5+ Kf6 51. Nxe4+ Ke6 52. Nc5+ Kf6 53. Nxa4 Rc2+ 54. Kf1 f3 55. Kg1 Rxa2 56. Nc3 Ra1+ 57. Kh2 Kg6 58. Rb5 Kh6 59. Ne4 Ra4 60. Re5 Kg6 61. Kg3 1-0

[Event "GER-chT U20"]
[Site "Kiel"]
[Date "2022.07.25"]
[Round "6.7"]
[White "Buchholz, Maja Patricia"]
[Black "Peschel, Julia"]
[Result "1-0"]
[WhiteElo "1879"]
[BlackElo "1545"]
[PlyCount "65"]
[EventDate "2022.07.22"]
[EventType "team-swiss"]
[EventRounds "7"]
[EventCountry "GER"]
[SourceTitle "CBM 209 Extra"]
[Source "ChessBase"]
[SourceDate "2022.09.30"]
[SourceVersion "1"]
[SourceVersionDate "2022.09.30"]
[SourceQuality "1"]
[WhiteTeam "Langen"]
[BlackTeam "Biebertal"]
[WhiteTeamCountry "GER"]
[BlackTeamCountry "GER"]

1. c4 e6 2. g3 d5 3. Bg2 Nf6 4. Nf3 Be7 5. 0-0 0-0 6. b3 b6 7. Bb2 Bb7 8. Qc2 Nbd7 9. d4 c5 10. cxd5 Bxd5 11. Nbd2 Rc8 12. dxc5 Bxc5 13. Qd3 h6 14. Rad1 Qc7 15. e4 Bc6 16. e5 Ng4 17. Qe2 Bb4 18. h3 Bxd2 19. hxg4 Bb4 20. g5 Bxf3 21. Bxf3 hxg5 22. Be4 g6 23. Bb1 Kg7 24. Qb5 Nc5 25. Qxb4 Qb7 26. Qg4 Rh8 27. f3 Rh5 28. Bc1 Rch8 29. Bxg5 Rh1+ 30. Kf2 R1h2+ 31. Ke3 R8h5 32. Bf6+ Kh7 33. Rd8 1-0

[Event "GER-chT U20"]
[Site "Kiel"]
[Date "2022.07.24"]
[Round "4.7"]
[White "Rempe, Jonas"]
[Black "Peschel, Julia"]
[Result "1-0"]
[WhiteElo "1861"]
[BlackElo "1545"]
[PlyCount "101"]
[EventDate "2022.07.22"]
[EventType "team-swiss"]
[EventRounds "7"]
[EventCountry "GER"]
[SourceTitle "CBM 209 Extra"]
[Source "ChessBase"]
[SourceDate "2022.09.30"]
[SourceVersion "1"]
[SourceVersionDate "2022.09.30"]
[SourceQuality "1"]
[WhiteTeam "Kiel Doppelbauer"]
[BlackTeam "Biebertal"]
[WhiteTeamCountry "GER"]
[BlackTeamCountry "GER"]

1. e4 e5 2. Nf3 Nc6 3. Bb5 Bc5 4. Nxe5 Qe7 5. Nxc6 Qxe4+ 6. Qe2 Qxe2+ 7. Bxe2 dxc6 8. d3 Be6 9. 0-0 Ne7 10. Nd2 f6 11. c3 Nf5 12. d4 Bd6 13. Re1 0-0-0 14. Nc4 g5 15. Bd3 Bd7 16. Nxd6+ cxd6 17. b3 Rde8 18. Bb2 Ne7 19. c4 d5 20. Rac1 Kd8 21. Re2 Bf5 22. Rxe7 Rxe7 23. Bxf5 Re2 24. Bc2 Rhe8 25. Kf1 h6 26. cxd5 cxd5 27. Ba3 R2e6 28. Bg6 Rh8 29. Bf7 Rc6 30. Bxd5 Rxc1+ 31. Bxc1 Kc7 32. Bb2 Re8 33. f3 f5 34. Kf2 b5 35. Bc3 Kd6 36. Bf7 Rc8 37. Bb4+ Kd7 38. Bc5 f4 39. Bg6 Ke6 40. Be4 a5 41. a3 h5 42. h3 Rc7 43. Ke2 Rc8 44. Kd3 Kf7 45. Bb7 Re8 46. d5 Re1 47. d6 Kf6 48. Bc8 Rd1+ 49. Ke4 Rd2 50. d7 Rd1 51. Bb6 1-0

[Event "GER-ch U18 Girls"]
[Site "Willingen"]
[Date "2021.08.28"]
[Round "8"]
[White "Peschel, Julia"]
[Black "Biermann, Sophie"]
[Result "1-0"]
[WhiteElo "1410"]
[BlackElo "1652"]
[PlyCount "95"]
[EventDate "2021.08.22"]
[EventType "swiss"]
[EventRounds "9"]
[EventCountry "GER"]
[SourceTitle "EXT 2022"]
[Source "ChessBase"]
[SourceDate "2021.10.06"]
[SourceVersion "1"]
[SourceVersionDate "2021.10.06"]
[SourceQuality "1"]

1. e4 d5 2. exd5 Nf6 3. Nc3 Nxd5 4. Bc4 Nb6 5. Bb3 Nc6 6. Nf3 Nd4 7. Nxd4 Qxd4 8. 0-0 Bg4 9. Qe1 e6 10. d3 Bb4 11. Be3 Qd7 12. Bxb6 cxb6 13. a3 Bxc3 14. Qxc3 0-0 15. Rfe1 Rac8 16. Qb4 Bf5 17. Re3 Rc5 18. Rae1 Rfc8 19. g4 Bg6 20. Rxe6 Rg5 21. h4 Bf5 22. hxg5 Bxe6 23. Bxe6 fxe6 24. Re2 Rc5 25. f4 g6 26. Qe4 Kf7 27. c4 Rc8 28. Rf2 Re8 29. b3 Kg8 30. Re2 Kf7 31. d4 Re7 32. Kg2 Qc6 33. d5 Qd7 34. dxe6+ Rxe6 35. Qxe6+ Qxe6 36. Rxe6 Kxe6 37. Kf3 Kf7 38. Ke4 Ke7 39. Ke5 a6 40. f5 Kf7 41. Kd6 Kg8 42. Ke7 h5 43. gxh6 Kh7 44. fxg6+ Kxg6 45. g5 b5 46. cxb5 axb5 47. Kd6 Kh7 48. Kc5 1-0

[Event "GER-ch U18 Girls"]
[Site "Willingen"]
[Date "2021.08.25"]
[Round "4"]
[White "Peschel, Julia"]
[Black "Zell, Hannah"]
[Result "1-0"]
[WhiteElo "1410"]
[BlackElo "1614"]
[PlyCount "85"]
[EventDate "2021.08.22"]
[EventType "swiss"]
[EventRounds "9"]
[EventCountry "GER"]
[SourceTitle "EXT 2022"]
[Source "ChessBase"]
[SourceDate "2021.10.06"]
[SourceVersion "1"]
[SourceVersionDate "2021.10.06"]
[SourceQuality "1"]

1. e4 e5 2. Nf3 Nc6 3. Bb5 a6 4. Ba4 Bc5 5. 0-0 d6 6. c3 Nf6 7. d4 exd4 8. cxd4 Ba7 9. d5 b5 10. dxc6 bxa4 11. Nc3 h6 12. h3 0-0 13. Qxa4 Be6 14. Qc2 Qc8 15. Qe2 Re8 16. Be3 Bxe3 17. Qxe3 Qb8 18. b3 a5 19. Qd3 Bc8 20. Rfe1 Ba6 21. Qd2 Qb4 22. Nd5 Qxd2 23. Nxd2 Nxd5 24. exd5 Kf8 25. Nf3 Rxe1+ 26. Rxe1 Re8 27. Rxe8+ Kxe8 28. Nd4 g6 29. f3 Ke7 30. Kf2 Kf6 31. f4 Bd3 32. Kf3 g5 33. g3 Bf1 34. h4 gxh4 35. gxh4 h5 36. a3 Ba6 37. a4 Ke7 38. Nb5 Kd8 39. Ke4 Bc8 40. f5 f6 41. Na3 Ba6 42. Nc4 Bxc4 43. bxc4 1-0

[Event "GER-ch U18 Girls"]
[Site "Willingen"]
[Date "2021.08.24"]
[Round "3"]
[White "Peglau, Dora"]
[Black "Peschel, Julia"]
[Result "1-0"]
[WhiteElo "1906"]
[BlackElo "1410"]
[PlyCount "133"]
[EventDate "2021.08.22"]
[EventType "swiss"]
[EventRounds "9"]
[EventCountry "GER"]
[SourceTitle "EXT 2022"]
[Source "ChessBase"]
[SourceDate "2021.10.06"]
[SourceVersion "1"]
[SourceVersionDate "2021.10.06"]
[SourceQuality "1"]

1. d4 d5 2. c4 dxc4 3. e4 e5 4. Nf3 exd4 5. Bxc4 Nc6 6. 0-0 Be6 7. Bxe6 fxe6 8. Qb3 Qd7 9. Qxb7 Rb8 10. Qa6 Nf6 11. e5 Ng4 12. Re1 g6 13. h3 Nh6 14. Nbd2 Bg7 15. Ne4 0-0 16. Bxh6 Bxh6 17. Nf6+ Rxf6 18. exf6 Rxb2 19. Qc4 Qd5 20. Qxd5 exd5 21. Re6 Rc2 22. g4 Bf4 23. g5 d3 24. Ne1 Rc3 25. Nxd3 Rxd3 26. Rxc6 Bxg5 27. Rb1 Bf4 28. Kg2 d4 29. Rb8+ Kf7 30. Rh8 Bd6 31. Rxh7+ Kxf6 32. Rhxc7 Ke5 33. Rxa7 Kd5 34. Raa6 Bc5 35. Rxg6 Rc3 36. Rg5+ Ke4 37. Rc6 Bb4 38. Re6+ Kd3 39. Rd5 Kc4 40. Rd8 Ra3 41. h4 Rxa2 42. h5 Ra5 43. Rc6+ Kd3 44. h6 Rh5 45. Rd7 Bc3 46. h7 Kd2 47. Rcd6 Ke2 48. f4 Ke3 49. f5 Ke4 50. f6 d3 51. f7 Bg7 52. Rd8 Rxh7 53. f8Q Bxf8 54. Rxf8 Ke3 55. Rf3+ Ke4 56. Rfxd3 Ke5 57. Rd8 Ke4 58. Kf2 Rh2+ 59. Kg3 Rh7 60. R3d7 Rh1 61. Re7+ Kf5 62. Rf8+ Kg6 63. Kg2 Rh5 64. Re3 Kg7 65. Rf4 Kg6 66. Rg3+ Kh6 67. Rh3 1-0

[Event "GER-ch U18 Girls"]
[Site "Willingen"]
[Date "2021.08.23"]
[Round "1"]
[White "Peschel, Julia"]
[Black "Fock, Amina"]
[Result "1-0"]
[WhiteElo "1410"]
[BlackElo "1828"]
[PlyCount "89"]
[EventDate "2021.08.22"]
[EventType "swiss"]
[EventRounds "9"]
[EventCountry "GER"]
[SourceTitle "EXT 2022"]
[Source "ChessBase"]
[SourceDate "2021.10.06"]
[SourceVersion "1"]
[SourceVersionDate "2021.10.06"]
[SourceQuality "1"]

1. e4 c5 2. c3 d5 3. exd5 Qxd5 4. d4 Nf6 5. Nf3 Bg4 6. Nbd2 e6 7. Bc4 Qd8 8. Qa4+ Nbd7 9. Ne5 a6 10. Nxg4 Nxg4 11. Qd1 Ngf6 12. Nf3 b5 13. Bb3 c4 14. Bc2 Qc7 15. 0-0 Bd6 16. h3 0-0 17. Re1 Nd5 18. Ng5 h6 19. Bh7+ Kh8 20. Bc2 N7f6 21. Ne4 Be7 22. Qf3 Rad8 23. Nxf6 Nxf6 24. Bf4 Qa5 25. Qe3 Ng8 26. Qe4 g6 27. Re3 Nf6 28. Be5 Kh7 29. Qb7 Nd5 30. Rf3 Ra8 31. Be4 Qd8 32. Re1 Kg8 33. Bxd5 exd5 34. Bf4 Bg5 35. Bxg5 hxg5 36. Qe7 Qxe7 37. Rxe7 Rae8 38. Rfe3 Rxe7 39. Rxe7 Rd8 40. Re5 Kg7 41. Rxg5 f5 42. Rg3 Re8 43. Re3 Rxe3 44. fxe3 Kf6 45. Kf2 1-0

[Event "GER-chT U16"]
[Site "Magdeburg"]
[Date "2019.12.30"]
[Round "7.6"]
[White "Bergeret Busse, Julian"]
[Black "Peschel, Julia"]
[Result "0-1"]
[WhiteElo "1401"]
[BlackElo "1384"]
[PlyCount "58"]
[EventDate "2019.12.27"]
[EventType "team-swiss"]
[EventRounds "7"]
[EventCountry "GER"]
[SourceTitle "CBM 194 Extra"]
[Source "ChessBase"]
[SourceDate "2020.03.31"]
[SourceVersion "1"]
[SourceVersionDate "2020.03.31"]
[SourceQuality "1"]
[WhiteTeam "Muenster"]
[BlackTeam "Biebertal"]
[WhiteTeamCountry "GER"]
[BlackTeamCountry "GER"]

1. e4 e5 2. Nf3 Nc6 3. Bc4 Bc5 4. d3 Nf6 5. 0-0 a6 6. c3 Ba7 7. Nbd2 d6 8. Bb3 0-0 9. h3 h6 10. Re1 Re8 11. Nf1 Be6 12. Ng3 d5 13. exd5 Bxd5 14. Bc2 Qd7 15. Be3 Bxe3 16. Rxe3 Rad8 17. Qe2 Qd6 18. Re1 Bxa2 19. Kf1 Nd5 20. Re4 Nf4 21. Qe3 Bd5 22. Ra4 Qf6 23. d4 Bxf3 24. Qxf3 exd4 25. Re4 Rxe4 26. Nxe4 Qe5 27. cxd4 Nxd4 28. Qd1 Nc6 29. Qc1 Qb5+ 0-1

[Event "GER-chT U16"]
[Site "Magdeburg"]
[Date "2019.12.28"]
[Round "4.6"]
[White "Afonso, Phil"]
[Black "Peschel, Julia"]
[Result "0-1"]
[WhiteElo "1650"]
[BlackElo "1384"]
[PlyCount "90"]
[EventDate "2019.12.27"]
[EventType "team-swiss"]
[EventRounds "7"]
[EventCountry "GER"]
[SourceTitle "CBM 194 Extra"]
[Source "ChessBase"]
[SourceDate "2020.03.31"]
[SourceVersion "1"]
[SourceVersionDate "2020.03.31"]
[SourceQuality "1"]
[WhiteTeam "Kornwestheim"]
[BlackTeam "Biebertal"]
[WhiteTeamCountry "GER"]
[BlackTeamCountry "GER"]

1. e4 e5 2. Nf3 Nc6 3. Bc4 Bc5 4. d3 Nf6 5. c3 a6 6. b4 Ba7 7. 0-0 d6 8. Re1 0-0 9. Nbd2 Be6 10. Bb3 h6 11. h3 Re8 12. Nf1 d5 13. exd5 Bxd5 14. Ng3 Bxb3 15. axb3 Qd7 16. Qc2 Rad8 17. Rd1 e4 18. Ne1 e3 19. Nh1 exf2+ 20. Nxf2 Ne4 21. d4 Nxf2 22. Kxf2 Nxd4 23. cxd4 Bxd4+ 24. Kg3 Bf2+ 25. Kxf2 Qxd1 26. Qxd1 Rxd1 27. Nf3 Re4 28. b5 a5 29. Bb2 Rxa1 30. Bxa1 a4 31. bxa4 Rxa4 32. Be5 Rb4 33. Bxc7 Rxb5 34. Be5 Ra5 35. Ne1 Rxe5 36. Nd3 Re8 37. Nc1 b5 38. Ne2 b4 39. Nc1 f5 40. Nb3 g5 41. g3 Kg7 42. Nd4 Kf6 43. Nb3 h5 44. Nd4 Rb8 45. Nb3 Rc8 0-1

[Event "GER-chT U16"]
[Site "Magdeburg"]
[Date "2019.12.27"]
[Round "1.10"]
[White "Weis, Oskar"]
[Black "Peschel, Julia"]
[Result "0-1"]
[WhiteElo "1155"]
[BlackElo "1384"]
[PlyCount "66"]
[EventDate "2019.12.27"]
[EventType "team-swiss"]
[EventRounds "7"]
[EventCountry "GER"]
[SourceTitle "CBM 194 Extra"]
[Source "ChessBase"]
[SourceDate "2020.03.31"]
[SourceVersion "1"]
[SourceVersionDate "2020.03.31"]
[SourceQuality "1"]
[WhiteTeam "Magdeburg USC"]
[BlackTeam "Biebertal"]
[WhiteTeamCountry "GER"]
[BlackTeamCountry "GER"]

1. e4 e5 2. Nf3 Nc6 3. Bc4 Bc5 4. b4 Bb6 5. b5 Na5 6. Nxe5 Nxc4 7. Nxc4 Qg5 8. Nxb6 axb6 9. 0-0 Qxb5 10. d3 Ne7 11. Nc3 Qc6 12. Bd2 d6 13. Re1 0-0 14. h3 Be6 15. Qb1 Ra3 16. Qb2 Rfa8 17. d4 d5 18. e5 Qc4 19. Qb4 Qxb4 20. Nb1 Qxd4 21. Nxa3 Rxa3 22. Red1 Qa4 23. Rab1 Rxa2 24. Be3 Nc6 25. c3 Qc2 26. Ra1 Rxa1 27. Rxa1 h6 28. Rc1 Qe4 29. Re1 Qxe5 30. Bd2 Qf6 31. Rd1 Ne5 32. Be3 Nf3+ 33. gxf3 Qxf3 0-1

[Event "GER-chT Federal Cup (Women)"]
[Site "Braunfels"]
[Date "2019.06.23"]
[Round "5.48"]
[White "Peschel, Julia"]
[Black "Albayrak, Berrak"]
[Result "1/2-1/2"]
[WhiteElo "1275"]
[BlackElo "1491"]
[PlyCount "93"]
[EventDate "2019.06.20"]
[EventType "team-swiss"]
[EventRounds "5"]
[EventCountry "GER"]
[SourceTitle "CBM 191 Extra"]
[Source "ChessBase"]
[SourceDate "2019.09.30"]
[SourceVersion "1"]
[SourceVersionDate "2019.09.30"]
[SourceQuality "1"]

1. e4 d6 2. d4 Nf6 3. Bd3 g6 4. Nf3 Bg7 5. Be3 c6 6. h3 Qc7 7. c3 0-0 8. 0-0 e5 9. Qd2 Re8 10. dxe5 dxe5 11. Bh6 Be6 12. Bxg7 Kxg7 13. Qg5 Nbd7 14. Nbd2 Rad8 15. Rfe1 Nc5 16. Bc2 Nd3 17. Bxd3 Rxd3 18. Nb3 Bc4 19. Nc5 Rdd8 20. Nh4 Ng8 21. Nf5+ Kf8 22. Ne3 Be6 23. Nxe6+ Rxe6 24. Rad1 f6 25. Qg4 Red6 26. Rxd6 Rxd6 27. Nc4 Rd3 28. Qe2 Qd7 29. h4 b5 30. Ne3 Rd2 31. Qf3 Rxb2 32. Ng4 Kg7 33. Ra1 c5 34. Qe3 h5 35. Nh2 Qd2 36. Qxc5 Rxa2 37. Rxa2 Qxa2 38. Qxb5 Qa1+ 39. Nf1 Qxc3 40. Qb7+ Kf8 41. Qb8+ Kf7 42. Qxa7+ Ne7 43. Qa2+ Kf8 44. Qa8+ Kf7 45. Qh8 Qd4 46. Qh7+ Ke6 47. Ng3 1/2-1/2